Rozvojové možnosti a obmedzenia regionálnych systémov (s dôrazom na environmentálne aspekty)

Výskum regionálnych systémov. Modely priestorovej organizácie regionálnych systémov. Regionálny rozvoj Slovenska a faktory regionálnej diferenciácie. Environmentálne aspekty rozvoja regiónov. Charakteristika modelových regionálnych systémov z hľadiska faktorov rozvojových možností a obmedzení. Príkl...

Description complète

Enregistré dans:
Détails bibliographiques
Auteur principal: Ira, Vladimír
Autres auteurs: Lehotský, Milan
Format: Chapitre de livre
Langue:slovaque
Sujets:
Tags: Ajouter un tag
Pas de tags, Soyez le premier à ajouter un tag!

MARC

LEADER 00000naa$a2200000$$$4500
001 0075482
005 20231128132558.7
041 0 |a slo 
044 |a SK 
245 1 0 |a Rozvojové možnosti a obmedzenia regionálnych systémov (s dôrazom na environmentálne aspekty)  |c Vladimír Ira, Milan Lehotský 
520 |a Výskum regionálnych systémov. Modely priestorovej organizácie regionálnych systémov. Regionálny rozvoj Slovenska a faktory regionálnej diferenciácie. Environmentálne aspekty rozvoja regiónov. Charakteristika modelových regionálnych systémov z hľadiska faktorov rozvojových možností a obmedzení. Príklady - okres Námestovo a okres Spišská Nová Ves. 
610 2 0 |a diferenciácia regionálna 
610 2 0 |a vývoj regionálny 
610 2 0 |a systém 
610 2 0 |a regióny 
610 2 0 |a environmentalistika 
610 2 0 |a Slovensko 
100 1 |a Ira, Vladimír 
700 1 |a Lehotský, Milan